Wszystkie wygrane Mistrzostw Świata w Piłce Nożnej - Statystyki

Ogólne statystyki
  • Ten quiz został rozwiązany 86 razy
  • Średni wynik to 22 z 22
Statystyki odpowiedzi
Podpowiedź Odpowiedź % Poprawnych
1958 Brazylia
100%
1962 Brazylia
100%
1970 Brazylia
100%
1994 Brazylia
100%
2002 Brazylia
100%
1998 Francja
100%
2018 Francja
100%
2010 Hiszpania
100%
1954 Niemcy
99%
1974 Niemcy
99%
1990 Niemcy
99%
2014 Niemcy
99%
1978 Argentyna
97%
1986 Argentyna
97%
2022 Argentyna
97%
1934 Włochy
97%
1938 Włochy
97%
1982 Włochy
97%
2006 Włochy
97%
1930 Urugwaj
95%
1950 Urugwaj
95%
1966 Anglia
89%
Nie znaleziono quizów pasujących do podanych kryteriów
Rozkład punktacji
Procent ludzi z każdym wynikiem
Percentyl według liczby udzielonych odpowiedzi
Twoja historia wyników
Nie rozwiązałeś tego quizu